00386 a2200109 4500001001000000005001700010008004100027245009700068100001800165773007600183999001700259ART_6300720260410161612.0260409a 10aRT 54 (T.O. RT 59): novedades en materia de procedimientos contables de aplicación general1 aSuardi, Diana0 tProfesional & Empresariag- Año XXVI, Nº 304 (jul./ago. 2025)wREV70 c10711d10711